বিষয়বস্তু এড়িয়ে যান

Проектирование электроэнергетических систем учебное пособие

Представлен обширный теоретический материал по специфическим вопросам расчётов различных режимов электроэнергетических и электрических систем. Предназначено для студентов 4, 5 курсов направления подготовки «Электроэнергетика и электротехника» всех форм обучения....

সম্পূর্ণ বিবরণ

সংরক্ষণ করুন:
গ্রন্থ-পঞ্জীর বিবরন
প্রধান লেখক: Печагин Е. А.
অন্যান্য লেখক: Кобелев А. В., Чернышов В. А., Зарандия Ж. А., Козлова Ю. А.
বিন্যাস: Книга
ভাষা:Russian
প্রকাশিত: Тамбов ТГТУ 2021
অনলাইন ব্যবহার করুন:https://e.lanbook.com/book/320543
https://e.lanbook.com/img/cover/book/320543.jpg
ট্যাগগুলো: ট্যাগ যুক্ত করুন
কোনো ট্যাগ নেই, প্রথমজন হিসাবে ট্যাগ করুন!
LEADER 01773nam0a2200325 i 4500
001 320543
003 RuSpLAN
005 20240216150941.0
008 240216s2021 ru gs 000 0 rus
020 |a 978-5-8265-2354-4 
040 |a RuSpLAN 
041 0 |a rus 
044 |a ru 
080 |a 620.9(075.8) 
084 |a Á27-016я73  |2 rubbk 
245 0 0 |a Проектирование электроэнергетических систем  |b учебное пособие  |c Печагин Е. А.,Кобелев А. В.,Чернышов В. А.,Зарандия Ж. А.,Козлова Ю. А. 
260 |a Тамбов  |b ТГТУ  |c 2021 
300 |a 112 с. 
504 |a Библиогр.: доступна в карточке книги, на сайте ЭБС Лань 
520 8 |a Представлен обширный теоретический материал по специфическим вопросам расчётов различных режимов электроэнергетических и электрических систем. Предназначено для студентов 4, 5 курсов направления подготовки «Электроэнергетика и электротехника» всех форм обучения. 
521 8 |a Книга из коллекции ТГТУ - Инженерно-технические науки 
521 8 |a СЭБ 
100 1 |a Печагин Е. А. 
700 1 |a Кобелев А. В. 
700 1 |a Чернышов В. А. 
700 1 |a Зарандия Ж. А. 
700 1 |a Козлова Ю. А. 
856 4 |u https://e.lanbook.com/book/320543 
856 4 8 |u https://e.lanbook.com/img/cover/book/320543.jpg 
953 |a https://e.lanbook.com/img/cover/book/320543.jpg